00492nam a2200193 a 4500001001300000003000900013005001700022008004100039020001000080082001500090100002000105245002500125260003300150300000900183500003500192505001900227650003200246700002000278nice12345678IN_TiNIC20260116011720.0050524s0000 egya grp 000 0 ara  ac10000a235.2bGAI aGairdner, W H T aSirat Paulus Rasool. aEgyptbMaktaba-E-ilmiac0000 a177p aincludes index and biblioraphy2 aReserve copies aSaints-Christianity-St.Paul1 aGairdner, W H T